000 00364nam a2200133Ia 4500
008 240719s9999 xx 000 0 und d
041 _aeng
082 _a658.452 DAS
100 _aDas, Sandeep
245 _aHow Business Storytelling Works
260 _aLondon
_bPENGUIN BUSINESS
_c2023
300 _a247; p. 22 cm
520 _aFaculty purchase by Dr. S. Maheswaran
999 _c41455
_d41455